Detalles MARC
| 000 -LIDER |
| fixed length control field |
00911cam a2200337 i 4500 |
| 001 - NÚMERO DE CONTROL |
| Identificador de número de control |
00489 |
| 003 - IDENTIFICACDOR DE NÚMERO DE CONTROL |
| control field |
DO-SdBNP |
| 005 - DATE AND TIME OF LATEST TRANSACTION |
| control field |
20230427122907.0 |
| 007 - CAMPOS FIJOS DE DESCRIPCIÓN FÍSICA |
| fixed length control field |
00489 |
| 008 - ELEMENTOS DE LONGITUD FIJA |
| fixed length control field |
100514s 2009 sp | 000 f spa |
| 015 ## - NÚMERO DENTRO DE LA BIBLIOGRAFÍA NACIONAL |
| National bibliography number |
|
| 017 ## - NÚMERO DE REGISTRO DE DERECHOS DE AUTOR |
| Copyright or legal deposit number |
|
| Assigning agency |
|
| 020 ## - ISBN |
| International Standard Book Number |
9788420405087 |
| 035 ## - NÚMERO LOCAL |
| System control number |
|
| 040 ## - FUENTE DE CATALOGACIÓN |
| Agencia que crea de manera original el registro |
BPMSU |
| Idioma de catalogación |
spa |
| Agencia que realiza la transcripción |
BPMSU |
| Convenciones de la despripción |
|
| 080 ## - NÚMERO DE CLASIFICACIÓN DECIMAL UNIVERSAL |
| Universal Decimal Classification number |
|
| 082 #4 - NÚMERO DE CLASIFICACIÓN DECIMAL DE DEWEY |
| Classification number |
Pe862.44 |
| Item number |
V297m 2009 |
| Edition number |
22 |
| 100 1# - ASIENTO PRINCIPAL -- NOMBRE PERSONAL |
| Nombre personal |
Vargas Llosa, Mario |
| Títulos u otras palabras asociadas con el nombre |
1936- |
| 9 (RLIN) |
15 |
| 245 14 - MENCIÓN DE TITULO |
| Título |
Las mil noches y una noche / |
| Mención de responsabilidad |
Mario Vargas Llosa ; fotografías de Ros Ribas |
| Medio (Designación general de material) |
|
| 250 ## - MENCIÓN DE EDICION |
| Mención de edición |
|
| 260 ## - PUBLICACIÓN, DISTRIBUCIÓN, ETC. (PIE DE IMPRENTA) |
| Lugar de publicación, distribución, etc |
Madrid : |
| Nombre del editor, distribuidor, etc. |
Santillana ediciones generales, |
| Fecha de publicación, distribución, etc |
2009. |
| 300 ## - DESCRIPCIÓN FÍSICA |
| Extensión |
139 p. : |
| Otros detalles físicos |
il. ; |
| Dimensiones |
24 m |
| 490 0# - MENCIÓN DE SERIES |
| Mención de serie |
Alfaguara |
| Volume/sequential designation |
|
| 590 ## - NOTA LOCAL |
| Enlace |
Inventariado, 2023/VM |
| 650 #4 - ENCABEZAMIENTO DE MATERIA--TEMÁTICO |
| Término temático o nombre geográfico como elemento de entrada |
Teatro peruano |
| 650 #4 - ENCABEZAMIENTO DE MATERIA--TEMÁTICO |
| Término temático o nombre geográfico como elemento de entrada |
Literatura peruana |
| 700 12 - ASIENTO SECUNDARIO -- NOMBRE PERSONAL |
| Nombre personal |
Ribas, Ros, |
| Mención de responsabilidad |
fot. |
| 830 #0 - ASIENTO SECUNDARIO DE SERIE--TÍTULO UNIFORME |
| Nombre de la parte o sección de una obra |
Alfaguara |
| 910 ## - VALIDACIÓN |
| Validación |
VMateo V. Control de calidad (BPMSU) |
| 942 ## - ADDED ENTRY ELEMENTS (KOHA) |
| Source of classification or shelving scheme |
Dewey Decimal Classification |
| Koha item type |
Libros |